| 000 | 00544nam a2200205Ia 4500 | ||
|---|---|---|---|
| 005 | 20251020182544.0 | ||
| 008 | 200515s9999 xx 000 0 und d | ||
| 082 | _a747/B57/3 | ||
| 100 | _aBLACKWELL, Lewis BULLIVANT, Lucy KNOBEL, Lance | ||
| 245 | 0 | _aBiblioteca del interiorismo Internacional : Edificios públicos y culturales, hoteles y clubs | |
| 260 | _aMéxico, D.F. | ||
| 260 | _c1993 | ||
| 300 | _a150 | ||
| 500 | _a1 ejemplar | ||
| 650 | _aCLUBS | ||
| 650 | _aEDIFICIOS | ||
| 650 | _aHOTELES | ||
| 650 | _aLIB | ||
| 942 | _cLIB | ||
| 999 |
_c2492 _d2492 |
||